000
00239nam a2200097Ia 4500
001
1207422
005
20250827022825.0
008
250824s9999 xx 000 0 und d
245
0
_a
ÇEYİZ
_c
HATİCE KÜBRA TONGAR
260
_b
HAYY YAYINLARI
999
_c
1207422
_d
1207422